[Event "Challenge"]
[Site "http://www.queenalice.com/game.php?id=1051871"]
[Date "2012.4.23"]
[Round "-"]
[White "sylviamm"]
[Black "adelio"]
[Result "1-0"]
[WhiteElo "1444"]
[BlackElo "1745"]

1. e4 a6 2. d4 h6 3. Nf3 d6 4. Nc3 b5 5. Bd3 g6 6. O-O Bg4 7. h3 Bxf3 8. Qxf3 c6
9. Bf4 Ra7 10. Rfe1 e6 11. d5 e5 12. Be3 c5 13. b4 Rb7 14. a4 Nd7 15. axb5 Be7
16. bxa6 Ra7 17. Nb5 Ra8 18. bxc5 dxc5 19. d6 Ngf6 20. Nc7+ Kf8 21. dxe7+ Kxe7
22. Nxa8 Qxa8 23. Bc4 Qa7 24. Red1 g5 25. Rxd7+ Qxd7 26. Bxc5+ Kd8 27. a7 Kc7
28. Qxf6 Ra8 29. Qxe5+ Kc8 30. Qh8+ Qd8 31. Qe5 Qc7 32. Ba6+ Kd8 33. Qd5+ Qd7
34. Qxa8+ Kc7 35. Qb8+ Kc6 36. Qb6# 1-0

[Event "Challenge"]
[Site "http://www.queenalice.com/game.php?id=1051872"]
[Date "2012.4.23"]
[Round "-"]
[White "sylviamm"]
[Black "jbugg"]
[Result "1-0"]
[WhiteElo "1472"]
[BlackElo "1483"]

1. e4 e5 2. Nf3 Nc6 3. Nc3 Nf6 4. Be2 Bc5 5. O-O O-O 6. d3 d6 7. Na4 Bb4 8. c3
Ba5 9. b4 Bb6 10. Qc2 Nh5 11. Bg5 Qd7 12. b5 Ne7 13. Nxe5 Qe6 14. Nxb6 Rb8 15.
Nxc8 Rbxc8 16. Nc4 Nf4 17. Bxf4 Ng6 18. Be3 Nh4 19. f4 Qg6 20. g3 a6 21. f5 Qf6
22. gxh4 Qxh4 23. bxa6 bxa6 24. f6 gxf6 25. Rf5 Kg7 26. Kh1 Ra8 27. Rh5 Qxh5 28.
Bxh5 c6 29. Qg2+ Kh8 30. Bd4 Rg8 31. Bxf6+ 1-0

[Event "Challenge"]
[Site "http://www.queenalice.com/game.php?id=1052184"]
[Date "2012.4.24"]
[Round "-"]
[White "soudeDeus"]
[Black "sylviamm"]
[Result "0-1"]
[WhiteElo "1626"]
[BlackElo "1668"]

1. g3 e5 2. Bg2 Nc6 3. b3 d5 4. Bb2 Nf6 5. d3 d4 6. e3 Bg4 7. Nf3 Bb4+ 8. c3
dxc3 9. Bxc3 e4 10. dxe4 Nxe4 11. h3 Nxf2 12. Qxd8+ Kxd8 13. Kxf2 Bxc3 14. Nxc3
Bf5 15. g4 Bd7 16. Rad1 h5 17. gxh5 Rxh5 18. Nd4 Ke8 19. Ncb5 Rc8 20. Nxc6 Rxb5
21. Nxa7 Rf5+ 22. Ke2 Ra8 23. Be4 Ra5 24. Rd5 Rxa2+ 25. Rd2 R2xa7 26. h4 Bg4+
27. Bf3 Be6 28. b4 c6 29. Rg1 g6 30. h5 Bc4+ 31. Kf2 Ra2 32. Rxa2 Rxa2+ 33. Kg3
gxh5 34. Bxh5 Rb2 35. Ra1 Rxb4 36. Ra8+ Ke7 37. Kf4 Be6+ 38. e4 Bd5 39. Bf3 Be6
40. Bg4 Bxg4 41. Kxg4 Rxe4+ 42. Kf5 Rd4 43. Rb8 b5 44. Rb6 Rd5+ 45. Ke4 f5+ 46.
Kf4 Kd6 47. Kg5 Kc5 48. Ra6 b4 49. Ra5+ Kd4 50. Ra6 c5 51. Ra1 c4 52. Rd1+ Ke4
53. Re1+ Kd4 54. Kf4 c3 55. Rd1+ Kc4 56. Rb1 b3 57. Ke3 c2 58. Rc1 Rd1 59. Rxd1
cxd1=Q 60. Kf4 Qf1+ 61. Ke5 b2 62. Kd6 b1=Q 63. Ke6 Qe4+ 64. Kf6 Qh3 65. Kg6 f4+
66. Kf6 f3 67. Kf7 f2 68. Kf6 f1=Q+ 69. Kg7 Qhh7# 0-1

[Event "Challenge"]
[Site "http://www.queenalice.com/game.php?id=1052931"]
[Date "2012.4.26"]
[Round "-"]
[White "sylviamm"]
[Black "R0ni"]
[Result "0-1"]
[WhiteElo "1504"]
[BlackElo "2552"]

1. e4 e5 2. Nc3 Nf6 3. Nf3 Nc6 4. Bb5 Bb4 5. O-O O-O 6. Re1 d6 7. Na4 Nd4 8.
Nxd4 exd4 9. c3 c6 10. Bd3 dxc3 11. dxc3 Ba5 12. Bg5 h6 13. Bh4 b5 14. b4 Bc7
15. Nb2 Re8 16. a4 Bd7 17. axb5 cxb5 18. c4 Qe7 19. Qd2 a6 20. Qc3 Bb6 21. h3
Qe6 22. Bc2 Nh5 23. Rad1 bxc4 24. Nxc4 Rec8 25. Bb3 Ba4 26. Nxb6 Bxb3 27. Qf3
Bxd1 28. Rxd1 g6 29. Nxa8 Rxa8 30. e5 d5 31. Rxd5 Rc8 32. g4 Nf4 33. Ra5 Qc4 34.
Qa3 Qe4 35. f3 Qb1+ 36. Kf2 Rc2+ 37. Ke3 Qg1+ 38. Bf2 Qxf2+ 0-1

[Event "Challenge"]
[Site "http://www.queenalice.com/game.php?id=1059297"]
[Date "2012.5.13"]
[Round "-"]
[White "sylviamm"]
[Black "Rodrigo_Lins"]
[Result "1-0"]
[WhiteElo "1502"]
[BlackElo "980"]

1. e4 c5 2. Bb5 Nc6 3. Nf3 a6 4. Bxc6 bxc6 5. d4 cxd4 6. Nxd4 e5 7. Nf3 h6 8.
O-O Nf6 9. Nxe5 Bc5 10. Nd3 Bb6 11. e5 Nd5 12. c4 Ne7 13. c5 Bc7 14. Bd2 Nd5 15.
Qg4 g6 16. Re1 d6 17. exd6+ 1-0

[Event "Challenge"]
[Site "http://www.queenalice.com/game.php?id=1061064"]
[Date "2012.5.18"]
[Round "-"]
[White "sylviamm"]
[Black "R0ni"]
[Result "0-1"]
[WhiteElo "1561"]
[BlackElo "2594"]

1. e4 c6 2. d4 d5 3. e5 Bf5 4. Nf3 e6 5. Nbd2 Bb4 6. Be2 Nd7 7. O-O Ne7 8. c3
Ba5 9. Nh4 O-O 10. Nxf5 Nxf5 11. Bd3 c5 12. Nf3 Ne7 13. Bxh7+ Kxh7 14. Ng5+ Kg6
15. f4 cxd4 16. Rf3 dxc3 17. bxc3 f6 18. Nxe6 Qb6+ 19. Nd4 fxe5 20. Ba3 exd4 21.
Bxe7 dxc3+ 22. Kh1 Qc6 23. f5+ Kf7 24. Bxf8 c2 25. Qc1 Rxf8 26. Qg5 Qf6 27. Qg6+
Qxg6 28. fxg6+ Kxg6 29. Rxf8 Nxf8 30. Rc1 d4 31. Rxc2 d3 32. Rc1 d2 33. Rd1 Nd7
34. Kg1 Ne5 35. Kf1 Nd3 36. Ke2 Nc1+ 37. Ke3 Nxa2 38. Kd3 Nc1+ 39. Kc2 Ne2 40.
Ra1 Nd4+ 41. Kd1 Bc3 42. Ra3 Nb5 43. Ra4 Kf5 44. Rc4 b6 45. h4 Ke6 46. g4 Kd5
47. Rf4 a5 48. h5 Na3 49. Rf5+ Ke4 50. Rf7 Nc4 51. Re7+ Kd3 52. Rd7+ Bd4 53.
Rxd4+ Kxd4 54. g5 Kd3 0-1

[Event "Challenge"]
[Site "http://www.queenalice.com/game.php?id=1061105"]
[Date "2012.5.18"]
[Round "-"]
[White "JD"]
[Black "sylviamm"]
[Result "0-1"]
[WhiteElo "1607"]
[BlackElo "1559"]

1. Nf3 Nf6 2. Nc3 d5 3. d4 Nc6 4. h3 Ne4 5. Nxe4 dxe4 6. Nd2 Qxd4 7. e3 Qa4 8.
Bc4 Bf5 9. g4 Bg6 10. h4 Ne5 11. b3 Qa5 12. h5 Nf3+ 13. Kf1 Rd8 14. Bd3 Bxh5 15.
gxh5 Qc3 16. Rb1 exd3 17. Qxf3 dxc2 18. Rb2 Qd3+ 19. Qe2 Qd5 20. e4 Qc4 21. Qxc4
Rd7 22. Rxc2 e5 0-1

[Event "Challenge"]
[Site "http://www.queenalice.com/game.php?id=1061108"]
[Date "2012.5.18"]
[Round "-"]
[White "JD"]
[Black "sylviamm"]
[Result "0-1"]
[WhiteElo "1721"]
[BlackElo "1536"]

1. Nf3 Nf6 2. Nc3 Nc6 3. e3 e5 4. a3 e4 5. Ng1 d5 6. b4 Bd6 7. f4 a5 8. b5 Ne7
9. a4 O-O 10. d3 Nf5 11. g4 Bb4 12. Bd2 Nxe3 13. Qb1 exd3 14. cxd3 Nfxg4 15. h4
Re8 16. Nge2 Bf5 17. Bg2 Nxg2+ 18. Kd1 Nf2+ 0-1

[Event "Challenge"]
[Site "http://www.queenalice.com/game.php?id=1064321"]
[Date "2012.5.26"]
[Round "-"]
[White "Rodrigosm"]
[Black "sylviamm"]
[Result "0-1"]
[WhiteElo "1174"]
[BlackElo "1559"]

1. d4 d5 2. Nc3 Nf6 3. Bf4 Bf5 4. Nf3 Nh5 5. e3 Nxf4 6. exf4 e6 7. Ne5 Nc6 8.
Bb5 Bb4 9. O-O O-O 10. a3 Bd6 11. Rc1 Ne7 12. Nd7 Re8 13. Ne5 c6 14. Bd3 f6 15.
Nf3 Bxf4 16. Ne2 Bxc1 17. Nxc1 e5 18. dxe5 Bxd3 19. Nxd3 Ng6 20. exf6 Qxf6 21.
Nc5 Qxb2 22. Ng5 Qxa3 23. Qh5 Nf8 24. Nd7 g6 25. Qh6 Qe7 26. Re1 Qxe1# 0-1

[Event "Challenge"]
[Site "http://www.queenalice.com/game.php?id=1076451"]
[Date "2012.6.26"]
[Round "-"]
[White "sylviamm"]
[Black "stefan0611"]
[Result "1-0"]
[WhiteElo "1586"]
[BlackElo "1654"]

1. e4 e5 2. Nf3 d6 3. d4 Bg4 4. dxe5 Bxf3 5. Qxf3 dxe5 6. Nc3 Bb4 7. a3 Bxc3+ 8.
Qxc3 Nc6 9. Bb5 Qf6 10. Bg5 Qg6 11. Qxe5+ Ne7 12. Qxe7# 1-0

[Event "Challenge"]
[Site "http://www.queenalice.com/game.php?id=1076883"]
[Date "2012.6.27"]
[Round "-"]
[White "artemise"]
[Black "sylviamm"]
[Result "0-1"]
[WhiteElo "1719"]
[BlackElo "1716"]

1. e4 d5 2. exd5 Qxd5 3. Nc3 Qe5+ 4. Qe2 Qd6 5. Nf3 Nf6 6. g3 Nc6 7. Bg2 Bg4 8.
O-O O-O-O 9. d3 Nd4 10. Qd1 e5 11. Re1 Re8 12. Ne4 Nxf3+ 13. Bxf3 Qe6 14. Ng5
Qd7 15. Be3 b6 16. Qd2 Qb5 17. b3 Qd7 18. Bg2 h6 19. Ne4 Nd5 20. a4 f5 21. Nc3
Nxe3 22. Rxe3 Bc5 23. Ree1 Bb4 24. h3 Bh5 25. g4 Bf7 26. gxf5 Qd4 27. Nb5 Bxd2
28. Nxd4 exd4 29. Re4 c5 30. a5 Bxa5 31. Bf3 Kb8 32. Kh2 Bc3 33. Rg1 Rhg8 34. f6
g5 35. Bg4 Rgf8 36. Bd7 Rd8 37. Re7 Bd5 38. Be6 Rxf6 39. Bxd5 Rxd5 40. Rf1 Rdf5
41. Kg2 Rf7 42. Re8+ Kc7 43. Re6 Kd7 44. Rxh6 Re5 45. Kg3 Be1 46. h4 gxh4+ 47.
Rxh4 Bxf2+ 48. Rxf2 Rg5+ 49. Kh3 Rxf2 50. Rh7+ Ke6 51. Rxa7 Rxc2 52. Rh7 Rd2 53.
Kh4 Rg1 0-1

[Event "Challenge"]
[Site "http://www.queenalice.com/game.php?id=1080247"]
[Date "2012.7.7"]
[Round "-"]
[White "Tlaloc2k"]
[Black "sylviamm"]
[Result "0-1"]
[WhiteElo "1619"]
[BlackElo "1605"]

1. d4 d5 2. e3 Nf6 3. Nc3 Nc6 4. Nf3 Bg4 5. Be2 e6 6. O-O Bd6 7. Bb5 O-O 8. Bxc6
bxc6 9. h3 Bh5 10. Qe2 Ne4 11. g4 Bg6 12. h4 f5 13. g5 Bh5 14. Kg2 Nxg5 15. hxg5
Bxf3+ 16. Qxf3 Qxg5+ 17. Kh3 Qh6+ 18. Kg2 Qh2# 0-1

[Event "Challenge"]
[Site "http://www.queenalice.com/game.php?id=1080250"]
[Date "2012.7.7"]
[Round "-"]
[White "sylviamm"]
[Black "Tlaloc2k"]
[Result "1-0"]
[WhiteElo "1622"]
[BlackElo "1602"]

1. e4 c6 2. Nc3 e5 3. Nf3 d6 4. d4 Bg4 5. dxe5 Bxf3 6. gxf3 b5 7. f4 b4 8. Ne2
c5 9. exd6 Bxd6 10. e5 Be7 11. Qxd8+ Bxd8 12. Bg2 Ne7 13. Bxa8 O-O 14. Be3 Bb6
15. Be4 Nbc6 16. O-O-O a5 17. Rd6 Rc8 18. Rhd1 g6 19. f5 gxf5 20. Bxc6 Nxc6 21.
Rg1+ Kh8 22. Bg5 c4 23. Bf6# 1-0

[Event "Challenge"]
[Site "http://www.queenalice.com/game.php?id=1085381"]
[Date "2012.7.21"]
[Round "-"]
[White "sylviamm"]
[Black "kubinet"]
[Result "0-1"]
[WhiteElo "1805"]
[BlackElo "1799"]

1. e4 d5 2. exd5 Nf6 3. Bb5+ Bd7 4. Nc3 Bxb5 5. Nxb5 Nxd5 6. Nf3 a6 7. Nbd4 e6
8. O-O Be7 9. Ne5 O-O 10. c4 Nf6 11. Nb3 Nbd7 12. d4 c6 13. c5 Nd5 14. Qg4 N7f6
15. Qg3 Ne4 16. Qf3 Nef6 17. Bd2 Nc7 18. Rfe1 Nb5 19. Ba5 Qe8 20. a4 Bd8 21.
axb5 axb5 22. Bd2 Bc7 23. Ba5 Qd8 0-1

[Event "Challenge"]
[Site "http://www.queenalice.com/game.php?id=1087859"]
[Date "2012.7.28"]
[Round "-"]
[White "plot24"]
[Black "sylviamm"]
[Result "0-1"]
[WhiteElo "1827"]
[BlackElo "1637"]

1. e4 e5 2. Nf3 Nc6 3. Bb5 a6 4. Bxc6 dxc6 5. O-O Bg4 6. h3 Bh5 7. Nc3 Qd6 8. g4
Bg6 9. d4 exd4 10. Qxd4 Qxd4 11. Nxd4 O-O-O 12. Nf5 Bxf5 13. exf5 g6 14. Re1
gxf5 15. gxf5 Nf6 16. Bg5 Rg8 0-1

[Event "Challenge"]
[Site "http://www.queenalice.com/game.php?id=1088636"]
[Date "2012.7.30"]
[Round "-"]
[White "rvdornel"]
[Black "sylviamm"]
[Result "0-1"]
[WhiteElo "1877"]
[BlackElo "1682"]

1. e4 e5 2. Nf3 Nc6 3. Bb5 a6 4. Ba4 Nf6 5. Nc3 b5 6. Bb3 Bc5 7. O-O O-O 8. d3
Nd4 9. Nxe5 d6 10. Nf3 Bg4 11. Be3 Nxf3+ 12. gxf3 Bh3 13. Bg5 Bxf1 14. Kxf1 Bd4
15. Qd2 h6 16. Bh4 c6 17. Rb1 a5 18. a4 Bxc3 19. Qxc3 Nxe4 20. Bxd8 Nxc3 21.
bxc3 Raxd8 22. c4 b4 23. Rc1 c5 24. c3 bxc3 25. Rxc3 Rb8 26. Ke2 Rfe8+ 27. Kd2
Re5 28. Bc2 Rh5 29. Rb3 Rxb3 30. Bxb3 Rxh2 31. Ke2 Rh1 32. Ke3 h5 33. f4 h4 34.
Kf3 Rg1 0-1

[Event "Challenge"]
[Site "http://www.queenalice.com/game.php?id=1088674"]
[Date "2012.7.30"]
[Round "-"]
[White "rovardo"]
[Black "sylviamm"]
[Result "0-1"]
[WhiteElo "1846"]
[BlackElo "1774"]

1. e4 e5 2. Nf3 Nc6 3. Bb5 a6 4. Bxc6 dxc6 5. O-O Nf6 6. Re1 Bc5 7. d3 O-O 8.
Bg5 h6 9. Bxf6 Qxf6 10. Nc3 Bg4 11. h3 Bh5 12. Na4 Qd6 13. Nxc5 Qxc5 14. d4 Bxf3
15. dxc5 Bxd1 16. Raxd1 Rfd8 17. Rxd8+ Rxd8 18. Re2 Rd4 19. c3 Rc4 20. Rd2 Rxe4
21. Rd7 Re1+ 22. Kh2 Re2 23. Rxc7 Rxb2 24. a4 Rxf2 25. Rxb7 Ra2 26. Rb6 Rxa4 27.
Rxc6 Ra3 28. Rc8+ Kh7 29. c4 Rc3 30. Re8 f6 31. Re6 Rxc4 32. Rxa6 Rxc5 33. Kg3
Rc3+ 34. Kg4 Kg6 35. h4 h5# 0-1

[Event "Challenge"]
[Site "http://www.queenalice.com/game.php?id=1093083"]
[Date "2012.8.14"]
[Round "-"]
[White "rsiqueira"]
[Black "sylviamm"]
[Result "0-1"]
[WhiteElo "1429"]
[BlackElo "1711"]

1. e4 e5 2. Nf3 Nc6 3. Bb5 a6 4. Bxc6 dxc6 5. Nxe5 Qd4 6. Nf3 Qxe4+ 7. Qe2 Bf5
8. Qxe4+ Bxe4 9. d3 Bxf3 10. gxf3 O-O-O 11. a3 Ne7 12. b4 Nd5 13. c4 Re8+ 14.
Kd2 Nf4 15. Kc2 Ne6 16. Be3 g5 17. Nc3 f5 18. Rag1 f4 19. Bc1 Nd4+ 20. Kb2 Nxf3
21. Rd1 c5 22. Nd5 Re2+ 23. Kc3 Bg7+ 24. Kb3 Nd4+ 0-1

[Event "Challenge"]
[Site "http://www.queenalice.com/game.php?id=1093084"]
[Date "2012.8.14"]
[Round "-"]
[White "sylviamm"]
[Black "rsiqueira"]
[Result "1-0"]
[WhiteElo "1706"]
[BlackElo "1434"]

1. e4 d5 2. exd5 Qxd5 3. Nc3 Qe5+ 4. Be2 Bf5 5. Nf3 Qe6 6. Nd4 Qg6 7. Nd5 Qxg2
8. Bf3 Qg6 9. Nxc7+ Kd7 10. Nxa8 Be4 11. d3 Bc6 12. Be3 e5 13. Nxc6 bxc6 14.
Bxa7 Bb4+ 15. c3 Ba5 16. Bxb8 Nf6 17. b4 Rxb8 18. Qa4 e4 19. Qxa5 Rb7 20. Nb6+
Kc7 21. Nc4+ Kd7 22. Ne5+ 1-0

[Event "Challenge"]
[Site "http://www.queenalice.com/game.php?id=1093952"]
[Date "2012.8.17"]
[Round "-"]
[White "sylviamm"]
[Black "rvdornel"]
[Result "1/2-1/2"]
[WhiteElo "1793"]
[BlackElo "2085"]

1. e4 e5 2. Nf3 Nc6 3. g3 Nf6 4. d3 Bb4+ 5. c3 Ba5 6. b4 Bb6 7. d4 exd4 8. b5
Nb8 9. Bg5 h6 10. Bxf6 Qxf6 11. e5 Qe7 12. cxd4 d6 13. Nc3 Ba5 14. Rc1 O-O 15.
Bg2 Nd7 16. O-O dxe5 17. Nd5 Qd6 18. dxe5 Nxe5 19. Nxe5 Qxe5 20. Qa4 Bb6 21.
Rfe1 Qd6 22. Rcd1 Qc5 23. Re2 Kh8 24. Rc2 Qd6 25. Rc3 Qe5 26. Qe4 Qxe4 27. Bxe4
Rd8 28. Kg2 Bg4 29. Rdc1 f5 30. Nxb6 axb6 31. Bb1 Be2 32. Rxc7 Rdb8 33. Bxf5
Bxb5 34. Be4 Bc6 35. Bxc6 bxc6 36. R1xc6 Rxa2 37. Rf7 b5 38. Rg6 Rg8 39. Rb6 Rb2
40. h4 Re8 41. Rbb7 Rg8 42. h5 Rb4 43. Rf5 Rb2 44. Rff7 Kh7 45. g4 Rb4 46. f3
Rb2+ 47. Kg3 Rb3 48. Rf5 Re8 49. Rbxb5 Rxb5 50. Rxb5 Re3 51. Kf2 Rd3 52. f4 Rc3
53. Rb7 Kg8 54. g5 hxg5 55. fxg5 Kf8 56. g6 Rh3 57. Rf7+ Kg8 58. Rf5 Rh2+ 59.
Kg3 Re2 60. Rd5 Re8 61. Kf4 Ra8 62. Kg5 Rf8 63. Re5 Kh8 64. Re7 Kg8 65. Re5 Kh8
66. h6 gxh6+ 67. Kxh6 Kg8 68. Re6 Ra8 69. Re5 Rb8 70. Rd5 Ra8 71. Rd7 Rb8 72.
Rg7+ Kh8 73. Rh7+ Kg8 74. Rg7+ Kh8 75. Rd7 Kg8 76. Rg7+ Kh8 77. Rh7+ Kg8 78. Re7
Ra8 79. Rg7+ 1/2-1/2

[Event "Challenge"]
[Site "http://www.queenalice.com/game.php?id=1094431"]
[Date "2012.8.19"]
[Round "-"]
[White "sylviamm"]
[Black "sbdias"]
[Result "1-0"]
[WhiteElo "1761"]
[BlackElo "1690"]

1. e4 e5 2. Nf3 Nc6 3. Bc4 d6 4. Nc3 Bg4 5. h3 Bxf3 6. Qxf3 Nf6 7. Nd5 Nd4 8.
Nxf6+ Qxf6 9. Qxf6 gxf6 10. Bd3 Rg8 11. c3 Ne6 12. g3 Ng5 13. Bc2 O-O-O 14. Ke2
Be7 15. f4 exf4 16. gxf4 Ne6 17. f5 Rg2+ 18. Kf1 Nf4 19. Bb3 Rg7 20. d4 Nh5 21.
Bh6 Rg3 22. Bxf7 Bf8 23. Be6+ Kb8 24. Bc1 Re8 25. Bf7 Rxe4 26. Bxh5 h6 27. Kf2
Rg8 28. Bf3 Re7 29. Bd2 Rh8 30. Rae1 h5 31. Re6 Rxe6 32. fxe6 Bh6 33. Bxh6 Rxh6
34. e7 Rh8 35. Bxh5 1-0

[Event "Challenge"]
[Site "http://www.queenalice.com/game.php?id=1094432"]
[Date "2012.8.19"]
[Round "-"]
[White "sbdias"]
[Black "sylviamm"]
[Result "0-1"]
[WhiteElo "1704"]
[BlackElo "1747"]

1. Nf3 d5 2. d4 Nf6 3. Bg5 h6 4. Bxf6 exf6 5. e3 Nc6 6. Nc3 Be6 7. Bb5 Qd7 8.
Na4 a6 9. Bd3 Nxd4 10. exd4 Qxa4 11. O-O O-O-O 12. a3 Bd6 13. b3 Qd7 14. Qd2
Rhe8 15. Qa5 Bh3 16. Qxd5 Bxh2+ 17. Kxh2 Qxd5 18. Kxh3 g5 19. c4 Qe6+ 20. Kh2 g4
21. d5 Qd6+ 22. g3 gxf3 23. Bf5+ Kb8 24. Bg4 h5 25. Bxf3 h4 26. Bh5 hxg3+ 27.
fxg3 Rh8 28. Rf5 Rdg8 29. Kg1 Qxg3+ 30. Kf1 Qg1+ 0-1